000 00276nam a2200109Ia 4500
008 230907s9999||||xx |||||||||||||| ||und||
082 _a333.8,MAD
100 _aMadureira, Nuno Luís,
_9115186
245 0 _aKey concepts in energy /
300 _avii, 222 pages :
942 _cBK
999 _c597792
_d597792